000 00487nam a2200169Ia 4500
005 20240920120441.0
008 240126s9999 xx 000 0 und d
020 _a9780070583245
082 _a332.6 SUB;1 R
100 _aSubramanyam. Pratap, G.
245 0 _aInvesting banking : an odyssey in high finance
260 _bT M H
_aNew Delhi
300 _axxiii, 1182
440 _aCFM-TMH perofessional series in finance
650 _aInvesting,Odyssey,high,finance
942 _cPU
999 _c276028
_d276028